Štvrťročné preddavky na daň z príjmov fyzických osôb na rok 1994

Ustanovenie par. 40 d/ zákona č.286/1992 Zb. o daniach z príjmov v znení zákona č.326/1993 Z.z. Platenie preddavkov na daň z príjmov fyzických osôb.

Guardado en:
Detalles Bibliográficos
Autor principal: Piršelová, Dagmar
Formato: Capítulo de libro
Lenguaje:eslovaco
Materias:
Etiquetas: Agregar Etiqueta
Sin Etiquetas, Sea el primero en etiquetar este registro!

MARC

LEADER 00000naa a2200000 4500
001 r015123
005 20221213113631.2
041 0 |a slo 
044 |a SK 
245 1 0 |a Štvrťročné preddavky na daň z príjmov fyzických osôb na rok 1994  |c Dagmar Piršelová 
520 |a Ustanovenie par. 40 d/ zákona č.286/1992 Zb. o daniach z príjmov v znení zákona č.326/1993 Z.z. Platenie preddavkov na daň z príjmov fyzických osôb. 
610 2 0 |a dane z príjmov 
610 2 0 |a zákony 
610 2 0 |a daňovníci 
610 2 0 |a Slovensko 
100 1 |a Piršelová, Dagmar